Geography Quiz

Random Geography or World Quiz

Which is the Right World Capital? Quiz Stats

 Plays Quiz Updated Jul 4, 2017

Challenge
Share
Tweet
Embed
Score 0/30 Timer 03:00
5 Plays Today
Question Answer Wrong Answers
Which is the capital of the United Kingdom? London
94.8%
Cardiff
0.2%
Edinburgh
0.3%
Belfast
0.2%
Which is the capital of the United States of America? Washington, D.C.
94.7%
New York City
0.5%
Los Angeles
0.1%
Ottawa
0.1%
Which is the capital of Egypt? Cairo
93.1%
Alexandria
1.8%
Port Said
0.2%
Khartoum
0.3%
Which is the capital of Japan? Tokyo
92.9%
Kyoto
1.2%
Seoul
0.5%
Osaka
0.9%
Which is the capital of Denmark? Copenhagen
92%
Aalborg
0.2%
Stockholm
2.8%
Bergen
0.5%
Which is the capital of Indonesia? Jakarta
91.1%
Denpasar
1.6%
Surabaya
1.5%
Port Moresby
1.1%
Which is the capital of Chile? Santiago
89.4%
Valparaiso
1.6%
Buenos Aires
3.9%
Stanley
0.4%
Which is the capital of Canada? Ottawa
86.6%
Toronto
6.3%
Vancouver
2.5%
Boston
0.1%
Which is the capital of Venezuela? Caracas
86.2%
Quito
4.5%
Valencia
3.1%
Cayenne
1.6%
Which is the capital of the Netherlands? Amsterdam
85.9%
Rotterdam
2%
The Hague
6.4%
Luxembourg
1.1%
Which is the capital of Iraq? Baghdad
84.6%
Tehran
8.4%
Mosul
1.7%
Amman
0.8%
Which is the capital of Australia? Canberra
82.6%
Sydney
7.2%
Wellington
1.4%
Melbourne
4.5%
Which is the capital of Croatia? Zagreb
78.7%
Split
2.7%
Sarajevo
12.3%
Mostar
1.6%
Which is the capital of Uruguay? Montevideo
76%
Asunción
11%
Salto
2.8%
Paramaribo
5.3%
Which is the capital of Georgia? Tbilisi
75.1%
Athens
2%
Yerevan
9.4%
Baku
8.7%
Which is the capital of the United Arab Emirates? Abu Dhabi
72.5%
Dubai
21.2%
Sharjah
0.9%
Manama
0.8%
Which is the capital of New Zealand? Wellington
72.2%
Auckland
16.8%
Christchurch
4.6%
Brisbane
1.9%
Which is the capital of Bangladesh? Dhaka
70.3%
Dakar
17.9%
Chittagong
4.1%
Pokhara
2.9%
Which is the capital of Lithuania? Vilnius
68.4%
Riga
13.9%
Tallinn
10.2%
Klaipėda
2.6%
Which is the capital of Slovenia? Ljubljana
68.3%
Maribor
3%
Bratislava
20.4%
Ankara
3.3%
Which is the capital of Zimbabwe? Harare
68.2%
Bulawayo
8.4%
Lusaka
15.5%
Hanga Roa
2.8%
Which is the capital of Kyrgyzstan? Bishkek
59.3%
Osh
4.4%
Astana
11.2%
Tashkent
20.1%
Which is the capital of Eritrea? Asmara
59.1%
Nairobi
4.8%
Massawa
17.5%
Addis Ababa
13.4%
Which is the capital of Kosovo? Pristina
59.1%
Ferizaj
4.4%
Belgrade
15.6%
Podgorica
16%
Which is the capital of Fiji? Suva
58.9%
Lautoka
10.6%
Honiara
8.2%
Apia
17.1%
Which is the capital of Honduras? Tegucigalpa
58.3%
San Pedro Sula
12.8%
Managua
16%
Belmopan
7.8%
Which is the capital of Tonga? Nuku'alofa
53.6%
Neiafu
8.7%
Lautoka
17.1%
Vaiaku
15.1%
Which is the capital of Liberia? Monrovia
53.5%
Freetown
28.5%
Gbarnga
5%
Porto Novo
8%
Which is the capital of the Central African Republic? Bangui
42.1%
Mbaiki
12.4%
Kinshasa
18.3%
Brazzaville
22%
Which is the capital of Saint Vincent and the Grenadines? Kingstown
37.4%
Freetown
14.5%
Bridgetown
16.7%
Georgetown
26.3%

You're not logged in!

Compare scores with friends on all Sporcle quizzes.
Join for Free
OR
Log In

You Might Also Like...

Show Comments

Extras

Top Quizzes Today


Score Distribution

Your Account Isn't Verified!

In order to create a playlist on Sporcle, you need to verify the email address you used during registration. Go to your Sporcle Settings to finish the process.

Report this User

Report this user for behavior that violates our Community Guidelines.

Details: